000 00357nam a2200133Ia 4500
008 150202s9999 xx 000 0 und d
020 _a505129259
050 _aFIC
_bFIC
100 _aRabe, Sheila
245 _aAll I want for Christmas /
_cSheila Rabe.
260 _aNew York :
_bJove Books,
_c2000.
300 _a324 pages :
_c18 cm.
650 _aFiction.
999 _c282353
_d282353